000 00612nam a22002177a 4500
003 OSt
005 20140310182348.0
008 130313t xxu||||| |||| 00| 0 eng d
020 _a9780684159300
050 _aPZ 7
_b.Ad194CH 1992
082 _aGS 823
_bAd1c 1978
100 _aAdams, Adrienne
_922058
245 _aThe Christmas party /
_cAdams, Adrienne
260 _aNew York :
_bMacmillan Publishing company,
_cc1992.
300 _a28 p. :
_c25 cm.
_bill, ;
541 _j1
562 _e1
650 _aChristmas
_xFiction
_922059
650 _aRabbits
_xFiction
_922060
942 _2lcc
_cBK-GS
999 _c12279
_d12279